000 00647nam a22002177a 4500
003 UA-OsUOA
001 106999
007 ta
008 20140701b un ||||| |||| 00| 0 ukr d
100 _aДовгань А.
090 _a101
_bД58
942 _cSA
040 _aUA-OsUOA
_bukr
_cUA-OsUOA
_dUA-OsUOA
245 _aПро кризу ідентичності інтерпритацій філософії Освальда Шпенглера
300 _aС.75-79
955 _a0
041 _aukr
080 _a101
773 0 _w106997
_tМандрівець
_dТернопіль
_d2014
_g2
650 7 _a1 Філософські науки
_2UDC
999 _c392847
_d392847